000 01307cab a2200373 4500
001 ABS58042
008 090401t1997 xxu||||| |||| 00| 0 eng d
035 _a(Sirsi) u82663
041 _aeng
100 _aSydenham, A.
245 _aStake your claim
260 _c1997
350 _a0
490 _aEstates Gazette
_v(9749) 6 December 1997, 128-130(3)
520 _aRundown on the laws governing compensation for landowners affected by improvement works to roads and highways. Cites current statute and relevant case law, with particular examination of "Norman v DoT" and the ownership of the subsoil in the centre of the road.
650 _aBLIGHT NOTICES
650 _aCOMPENSATION
650 _aELECTRICITY ACT 1989
650 _aGAS ACT 1986
650 _aHIGHWAYS
650 _aLAND COMPENSATION ACT 1961
650 _aLAND COMPENSATION ACT 1973
650 _aLANDOWNERS
650 _aROAD IMPROVEMENTS
650 _aSUBSOIL
650 _aTELECOMMUNICATIONS ACT 1984
650 _aTOWN AND COUNTRY PLANNING ACT 1990
650 _aWATER INDUSTRY ACT 1991
650 _aWATER RESOURCES ACT 1991
690 _aENVIRONMENTAL AND LAND CONSULTANCY-PLANNING AND DEVELOPMENT-COMPULSORY PURCHASE AND COMPENSATION
700 _aPym, A.
942 _n0
948 _c15/12/1997
999 _c52207
_d52207